Food Named after People - Sudden Death - Statistics

General Stats
  • This quiz has been taken 219 times
    202 since last reset
  • The average score is 5 of 16
Answers on the Grid
Answers color-coded by a green-red scale on the quiz's grid according to % correct below.
Fettuccine Alfredo
Mozartkugel
Cobb salad
Beef Stroganoff
German chocolate cake
Salisbury steak
Oysters Rockefeller
Kung Pao chicken
General Tso's chicken
Biff à la Lindström
Reuben sandwich
Nachos
Lobster Newberg
Pizza Margherita
Eggs Benedict
Caesar salad
Peking duck
Dong'an chicken
Jinhua ham
Nanaimo bar
Madeira cake
Ozark pudding
Shopska salad
Fig Newton
Maxwell Street Polish
Hamburger Aalsuppe
Idrijski žlikrofi
Pancit Malabon
 
Answer Stats
Answer % Correct
Eggs Benedict
54%
Caesar salad
52%
Oysters Rockefeller
46%
Beef Stroganoff
41%
General Tso's chicken
41%
Fettuccine Alfredo
40%
Reuben sandwich
38%
Pizza Margherita
37%
Cobb salad
28%
Lobster Newberg
27%
Salisbury steak
24%
Mozartkugel
20%
Kung Pao chicken
18%
Biff à la Lindström
15%
Nachos
10%
German chocolate cake
8%
No matching quizzes found
Score Distribution
Percent of People with Each Score
Percentile by Number Answered
Your Score History
You have not taken this quiz since the last reset